<?xml version="1.0" encoding="UTF-8"?>
<record
    xmlns:xsi="http://www.w3.org/2001/XMLSchema-instance"
    xsi:schemaLocation="http://www.loc.gov/MARC21/slim http://www.loc.gov/standards/marcxml/schema/MARC21slim.xsd"
    xmlns="http://www.loc.gov/MARC21/slim">

  <leader>04300njm0a2200445   4500</leader>
  <controlfield tag="001">RU\NLR\ONIZ\222778</controlfield>
  <controlfield tag="005">20250708192814.0</controlfield>
  <datafield tag="035" ind1=" " ind2=" ">
    <subfield code="a">(NLR Aleph) 011590722</subfield>
  </datafield>
  <datafield tag="071" ind1="0" ind2="0">
    <subfield code="a">&#x41C; 10-43657-58</subfield>
  </datafield>
  <datafield tag="090" ind1=" " ind2=" ">
    <subfield code="a">13283580</subfield>
    <subfield code="c">13283580</subfield>
  </datafield>
  <datafield tag="100" ind1=" " ind2=" ">
    <subfield code="a">20171215d1982    |||y0rusy50      ca</subfield>
  </datafield>
  <datafield tag="102" ind1=" " ind2=" ">
    <subfield code="a">RU</subfield>
  </datafield>
  <datafield tag="126" ind1=" " ind2=" ">
    <subfield code="a">abuxexu      ux</subfield>
    <subfield code="b">xxx</subfield>
  </datafield>
  <datafield tag="127" ind1=" " ind2=" ">
    <subfield code="a">000044</subfield>
  </datafield>
  <datafield tag="135" ind1=" " ind2=" ">
    <subfield code="a">honoannnanndn</subfield>
  </datafield>
  <datafield tag="200" ind1="1" ind2=" ">
    <subfield code="a">[&#x414;&#x438;&#x440;&#x438;&#x436;&#x435;&#x440;] &#x41B;&#x435;&#x43E; &#x411;&#x43B;&#x435;&#x445;</subfield>
    <subfield code="b">&#x417;&#x432;&#x443;&#x43A;&#x43E;&#x437;&#x430;&#x43F;&#x438;&#x441;&#x44C;</subfield>
  </datafield>
  <datafield tag="210" ind1=" " ind2=" ">
    <subfield code="a">&#x41C;.</subfield>
    <subfield code="c">&#x41C;&#x435;&#x43B;&#x43E;&#x434;&#x438;&#x44F;</subfield>
    <subfield code="d">1982</subfield>
  </datafield>
  <datafield tag="215" ind1=" " ind2=" ">
    <subfield code="a">1 &#x433;&#x440;&#x43F;.[&#x413;&#x41E;&#x421;&#x422; 5289-80](48 &#x43C;&#x438;&#x43D;): 33 &#x43E;&#x431;/&#x43C;&#x438;&#x43D;, &#x43C;&#x43E;&#x43D;&#x43E;; 30 &#x441;&#x43C;, &#x432; &#x43A;&#x43E;&#x43D;&#x432;.</subfield>
    <subfield code="e">&#x43A;&#x43E;&#x43C;&#x43C;&#x435;&#x43D;&#x442;. &#x432; &#x43A;&#x43E;&#x43D;&#x432;.</subfield>
  </datafield>
  <datafield tag="225" ind1="1" ind2=" ">
    <subfield code="a">&#x418;&#x437; &#x441;&#x43E;&#x43A;&#x440;&#x43E;&#x432;&#x438;&#x449;&#x43D;&#x438;&#x446;&#x44B; &#x43C;&#x438;&#x440;&#x43E;&#x432;&#x43E;&#x433;&#x43E; &#x438;&#x441;&#x43F;&#x43E;&#x43B;&#x43D;&#x438;&#x442;&#x435;&#x43B;&#x44C;&#x441;&#x43A;&#x43E;&#x433;&#x43E; &#x438;&#x441;&#x43A;&#x443;&#x441;&#x441;&#x442;&#x432;&#x430;</subfield>
  </datafield>
  <datafield tag="300" ind1=" " ind2=" ">
    <subfield code="a">&#x410;&#x440;&#x445;&#x438;&#x432;&#x43D;&#x44B;&#x435; &#x437;&#x430;&#x43F;&#x438;&#x441;&#x438; &#x43A;&#x43E;&#x43D;&#x446;&#x430; 20-&#x445;-30 &#x433;&#x433;.</subfield>
  </datafield>
  <datafield tag="327" ind1="1" ind2=" ">
    <subfield code="a">1. &#x413;&#x435;&#x431;&#x440;&#x438;&#x434;&#x44B; : (&#x424;&#x438;&#x43D;&#x433;&#x430;&#x43B;&#x43E;&#x432;&#x430; &#x43F;&#x435;&#x449;&#x435;&#x440;&#x430;) : &#x443;&#x432;&#x435;&#x440;&#x442;&#x44E;&#x440;&#x430; : &#x441;&#x43E;&#x447;. 26 / &#x424;. &#x41C;&#x435;&#x43D;&#x434;&#x435;&#x43B;&#x44C;&#x441;&#x43E;&#x43D; ; &#x438;&#x441;&#x43F;&#x43E;&#x43B;&#x43D;.: &#x411;&#x435;&#x440;&#x43B;&#x438;&#x43D;&#x441;&#x43A;&#x438;&#x439; &#x444;&#x438;&#x43B;&#x430;&#x440;&#x43C;&#x43E;&#x43D;&#x438;&#x447;&#x435;&#x441;&#x43A;&#x438;&#x439; &#x43E;&#x440;&#x43A;. ;</subfield>
    <subfield code="a">2. &#x41C;&#x43E;&#x440;&#x441;&#x43A;&#x430;&#x44F; &#x442;&#x438;&#x448;&#x44C; &#x438; &#x441;&#x447;&#x430;&#x441;&#x442;&#x43B;&#x438;&#x432;&#x43E;&#x435; &#x43F;&#x43B;&#x430;&#x432;&#x430;&#x43D;&#x44C;&#x435; : &#x423;&#x432;&#x435;&#x440;&#x442;&#x44E;&#x440;&#x430; : &#x441;&#x43E;&#x447;. 27 / &#x424;. &#x41C;&#x435;&#x43D;&#x434;&#x435;&#x43B;&#x44C;&#x441;&#x43E;&#x43D; ; &#x438;&#x441;&#x43F;&#x43E;&#x43B;&#x43D;.: &#x41B;&#x43E;&#x43D;&#x434;&#x43E;&#x43D;&#x441;&#x43A;&#x438;&#x439; &#x441;&#x438;&#x43C;&#x444;&#x43E;&#x43D;&#x438;&#x447;&#x435;&#x441;&#x43A;&#x438;&#x439; &#x43E;&#x440;&#x43A;&#x435;&#x441;&#x442;&#x440;.</subfield>
    <subfield code="a">3. &#x412;&#x43B;&#x442;&#x430;&#x432;&#x430; : &#x441;&#x438;&#x43C;&#x444;&#x43E;&#x43D;&#x438;&#x447;&#x435;&#x441;&#x43A;&#x430;&#x44F; &#x43F;&#x43E;&#x44D;&#x43C;&#x430; &#x2116; 2 &#x438;&#x437; &#x446;&#x438;&#x43A;&#x43B;&#x430; "&#x41C;&#x43E;&#x44F; &#x420;&#x43E;&#x434;&#x438;&#x43D;&#x430;" / &#x411;. &#x421;&#x43C;&#x435;&#x442;&#x430;&#x43D;&#x430; ; &#x438;&#x441;&#x43F;&#x43E;&#x43B;&#x43D;.: &#x411;&#x435;&#x440;&#x43B;&#x438;&#x43D;&#x441;&#x43A;&#x430;&#x44F; &#x433;&#x43E;&#x441;. &#x43A;&#x430;&#x43F;&#x435;&#x43B;&#x43B;&#x430;.</subfield>
    <subfield code="a">4. &#x423;&#x432;&#x435;&#x440;&#x442;&#x44E;&#x440;&#x430; : &#x43A; &#x43E;&#x43F;&#x435;&#x440;&#x435; "&#x422;&#x430;&#x43D;&#x433;&#x435;&#x439;&#x437;&#x435;&#x440;" / &#x420;. &#x412;&#x430;&#x433;&#x43D;&#x435;&#x440; ; &#x438;&#x441;&#x43F;&#x43E;&#x43B;&#x43D;.: &#x411;&#x435;&#x440;&#x43B;&#x438;&#x43D;&#x441;&#x43A;&#x430;&#x44F; &#x433;&#x43E;&#x441;. &#x43A;&#x430;&#x43F;&#x435;&#x43B;&#x43B;&#x430;</subfield>
  </datafield>
  <datafield tag="464" ind1=" " ind2="0">
    <subfield code="1">2001#$a&#x413;&#x435;&#x431;&#x440;&#x438;&#x434;&#x44B;$e(&#x424;&#x438;&#x43D;&#x433;&#x430;&#x43B;&#x43E;&#x432;&#x430; &#x43F;&#x435;&#x449;&#x435;&#x440;&#x430;)$e&#x443;&#x432;&#x435;&#x440;&#x442;&#x44E;&#x440;&#x430;$e&#x441;&#x43E;&#x447;. 26$f&#x424;. &#x41C;&#x435;&#x43D;&#x434;&#x435;&#x43B;&#x44C;&#x441;&#x43E;&#x43D;$g&#x438;&#x441;&#x43F;&#x43E;&#x43B;&#x43D;.: &#x411;&#x435;&#x440;&#x43B;&#x438;&#x43D;&#x441;&#x43A;&#x438;&#x439; &#x444;&#x438;&#x43B;&#x430;&#x440;&#x43C;&#x43E;&#x43D;&#x438;&#x447;&#x435;&#x441;&#x43A;&#x438;&#x439; &#x43E;&#x440;&#x43A;.</subfield>
    <subfield code="1">686##$a&#x429;951.1-053(4&#x413;)$vLBC/SL$2rubbk</subfield>
    <subfield code="1">700#1$9z01790$a&#x41C;&#x435;&#x43D;&#x434;&#x435;&#x43B;&#x44C;&#x441;&#x43E;&#x43D;-&#x411;&#x430;&#x440;&#x442;&#x43E;&#x43B;&#x44C;&#x434;&#x438;$b&#x424;.$g&#x424;&#x435;&#x43B;&#x438;&#x43A;&#x441;$f1809-1847$4230$7ca</subfield>
    <subfield code="1">71202$a&#x411;&#x435;&#x440;&#x43B;&#x438;&#x43D;&#x441;&#x43A;&#x438;&#x439; &#x444;&#x438;&#x43B;&#x430;&#x440;&#x43C;&#x43E;&#x43D;&#x438;&#x447;&#x435;&#x441;&#x43A;&#x438;&#x439; &#x43E;&#x440;&#x43A;&#x435;&#x441;&#x442;&#x440;$4590</subfield>
    <subfield code="1">790#1$9z01700$aMendelssohn-Bartholdy$bF.$gFelix$f1809-1847$4230$7ba</subfield>
    <subfield code="t">&#x413;&#x435;&#x431;&#x440;&#x438;&#x434;&#x44B;</subfield>
    <subfield code="a">&#x41C;&#x435;&#x43D;&#x434;&#x435;&#x43B;&#x44C;&#x441;&#x43E;&#x43D;-&#x411;&#x430;&#x440;&#x442;&#x43E;&#x43B;&#x44C;&#x434;&#x438;, &#x424;&#x435;&#x43B;&#x438;&#x43A;&#x441; (1809-1847)</subfield>
  </datafield>
  <datafield tag="464" ind1=" " ind2="0">
    <subfield code="1">2001#$a&#x41C;&#x43E;&#x440;&#x441;&#x43A;&#x430;&#x44F; &#x442;&#x438;&#x448;&#x44C; &#x438; &#x441;&#x447;&#x430;&#x441;&#x442;&#x43B;&#x438;&#x432;&#x43E;&#x435; &#x43F;&#x43B;&#x430;&#x432;&#x430;&#x43D;&#x44C;&#x435;$e&#x423;&#x432;&#x435;&#x440;&#x442;&#x44E;&#x440;&#x430;$e&#x441;&#x43E;&#x447;. 27$f&#x424;. &#x41C;&#x435;&#x43D;&#x434;&#x435;&#x43B;&#x44C;&#x441;&#x43E;&#x43D;$g&#x438;&#x441;&#x43F;&#x43E;&#x43B;&#x43D;.: &#x41B;&#x43E;&#x43D;&#x434;&#x43E;&#x43D;&#x441;&#x43A;&#x438;&#x439; &#x441;&#x438;&#x43C;&#x444;&#x43E;&#x43D;&#x438;&#x447;&#x435;&#x441;&#x43A;&#x438;&#x439; &#x43E;&#x440;&#x43A;&#x435;&#x441;&#x442;&#x440;</subfield>
    <subfield code="1">686##$a&#x429;951.1-053(4&#x413;)$vLBC/SL$2rubbk</subfield>
    <subfield code="1">700#1$9z01790$a&#x41C;&#x435;&#x43D;&#x434;&#x435;&#x43B;&#x44C;&#x441;&#x43E;&#x43D;-&#x411;&#x430;&#x440;&#x442;&#x43E;&#x43B;&#x44C;&#x434;&#x438;$b&#x424;.$g&#x424;&#x435;&#x43B;&#x438;&#x43A;&#x441;$f1809-1847$4230$7ca</subfield>
    <subfield code="1">71202$a&#x41B;&#x43E;&#x43D;&#x434;&#x43E;&#x43D;&#x441;&#x43A;&#x438;&#x439; &#x441;&#x438;&#x43C;&#x444;&#x43E;&#x43D;&#x438;&#x447;&#x435;&#x441;&#x43A;&#x438;&#x439; &#x43E;&#x440;&#x43A;&#x435;&#x441;&#x442;&#x440;$4590</subfield>
    <subfield code="1">790#1$9z01700$aMendelssohn-Bartholdy$bF.$gFelix$f1809-1847$4230$7ba</subfield>
    <subfield code="t">&#x41C;&#x43E;&#x440;&#x441;&#x43A;&#x430;&#x44F; &#x442;&#x438;&#x448;&#x44C; &#x438; &#x441;&#x447;&#x430;&#x441;&#x442;&#x43B;&#x438;&#x432;&#x43E;&#x435; &#x43F;&#x43B;&#x430;&#x432;&#x430;&#x43D;&#x44C;&#x435;</subfield>
    <subfield code="a">&#x41C;&#x435;&#x43D;&#x434;&#x435;&#x43B;&#x44C;&#x441;&#x43E;&#x43D;-&#x411;&#x430;&#x440;&#x442;&#x43E;&#x43B;&#x44C;&#x434;&#x438;, &#x424;&#x435;&#x43B;&#x438;&#x43A;&#x441; (1809-1847)</subfield>
  </datafield>
  <datafield tag="464" ind1=" " ind2="0">
    <subfield code="1">2001#$a&#x412;&#x43B;&#x442;&#x430;&#x432;&#x430;$e&#x441;&#x438;&#x43C;&#x444;&#x43E;&#x43D;&#x438;&#x447;&#x435;&#x441;&#x43A;&#x430;&#x44F; &#x43F;&#x43E;&#x44D;&#x43C;&#x430; &#x2116; 2 &#x438;&#x437; &#x446;&#x438;&#x43A;&#x43B;&#x430; "&#x41C;&#x43E;&#x44F; &#x420;&#x43E;&#x434;&#x438;&#x43D;&#x430;"$f&#x411;. &#x421;&#x43C;&#x435;&#x442;&#x430;&#x43D;&#x430;$g&#x438;&#x441;&#x43F;&#x43E;&#x43B;&#x43D;.: &#x411;&#x435;&#x440;&#x43B;&#x438;&#x43D;&#x441;&#x43A;&#x430;&#x44F; &#x433;&#x43E;&#x441;. &#x43A;&#x430;&#x43F;&#x435;&#x43B;&#x43B;&#x430;</subfield>
    <subfield code="1">50000$a&#x41C;&#x43E;&#x44F; &#x440;&#x43E;&#x434;&#x438;&#x43D;&#x430;$i&#x412;&#x43B;&#x442;&#x430;&#x432;&#x430;$b&#x417;&#x432;&#x443;&#x43A;&#x43E;&#x437;&#x430;&#x43F;&#x438;&#x441;&#x44C;$h&#x2116; 2$l&#x43F;&#x43E;&#x44D;&#x43C;&#x430;$r&#x441;&#x438;&#x43C;&#x444;. &#x43E;&#x440;&#x43A;&#x435;&#x441;&#x442;&#x440;</subfield>
    <subfield code="1">686##$a&#x429;951.1-051(4&#x427;)$vLBC/SL$2rubbk</subfield>
    <subfield code="1">700#1$9z01790$a&#x421;&#x43C;&#x435;&#x442;&#x430;&#x43D;&#x430;$b&#x411;.$g&#x411;&#x435;&#x434;&#x440;&#x436;&#x438;&#x445;$f1824-1884$4230$7ca</subfield>
    <subfield code="1">790#1$9z01700$aSmetana$bB.$gBed&#x159;ich$f1824-1884$4230$7ba</subfield>
    <subfield code="t">&#x412;&#x43B;&#x442;&#x430;&#x432;&#x430;</subfield>
    <subfield code="a">&#x421;&#x43C;&#x435;&#x442;&#x430;&#x43D;&#x430;, &#x411;&#x435;&#x434;&#x440;&#x436;&#x438;&#x445; (1824-1884)</subfield>
  </datafield>
  <datafield tag="464" ind1=" " ind2="0">
    <subfield code="1">2001#$a&#x423;&#x432;&#x435;&#x440;&#x442;&#x44E;&#x440;&#x430;$e&#x43A; &#x43E;&#x43F;&#x435;&#x440;&#x435; "&#x422;&#x430;&#x43D;&#x433;&#x435;&#x439;&#x437;&#x435;&#x440;"$f&#x420;. &#x412;&#x430;&#x433;&#x43D;&#x435;&#x440;$g&#x438;&#x441;&#x43F;&#x43E;&#x43B;&#x43D;.: &#x411;&#x435;&#x440;&#x43B;&#x438;&#x43D;&#x441;&#x43A;&#x430;&#x44F; &#x433;&#x43E;&#x441;. &#x43A;&#x430;&#x43F;&#x435;&#x43B;&#x43B;&#x430;</subfield>
    <subfield code="1">686##$a&#x429;951.1-071(4&#x413;)$vLBC/SL$2rubbk</subfield>
    <subfield code="1">700#1$9z01790$a&#x412;&#x430;&#x433;&#x43D;&#x435;&#x440;$b&#x420;.$g&#x420;&#x438;&#x445;&#x430;&#x440;&#x434;$f1813-1883$4230</subfield>
    <subfield code="1">790#1$9z01700$aWagner$bR.$gRichard$f1813-1883$4230</subfield>
    <subfield code="t">&#x423;&#x432;&#x435;&#x440;&#x442;&#x44E;&#x440;&#x430;</subfield>
    <subfield code="a">&#x412;&#x430;&#x433;&#x43D;&#x435;&#x440;, &#x420;&#x438;&#x445;&#x430;&#x440;&#x434; (1813-1883)</subfield>
  </datafield>
  <datafield tag="606" ind1="1" ind2=" ">
    <subfield code="a">&#x418;&#x441;&#x43F;&#x43E;&#x43B;&#x43D;&#x438;&#x442;&#x435;&#x43B;&#x44C;&#x441;&#x43A;&#x43E;&#x435; &#x438;&#x441;&#x43A;&#x443;&#x441;&#x441;&#x442;&#x432;&#x43E; &#x434;&#x438;&#x440;&#x438;&#x436;&#x435;&#x440;&#x44B;</subfield>
    <subfield code="x">&#x417;&#x432;&#x443;&#x43A;&#x43E;&#x437;&#x430;&#x43F;&#x438;&#x441;&#x44C;</subfield>
    <subfield code="y">&#x413;&#x435;&#x440;&#x43C;&#x430;&#x43D;&#x438;&#x44F;</subfield>
    <subfield code="z">20 &#x432;.</subfield>
    <subfield code="2">nlr_sh</subfield>
  </datafield>
  <datafield tag="686" ind1=" " ind2=" ">
    <subfield code="a">&#x429;951.1, 8(3)</subfield>
    <subfield code="v">LBC/SL</subfield>
    <subfield code="2">rubbk</subfield>
  </datafield>
  <datafield tag="700" ind1=" " ind2="1">
    <subfield code="9">z01790</subfield>
    <subfield code="a">&#x411;&#x43B;&#x435;&#x445;</subfield>
    <subfield code="b">&#x41B;.</subfield>
    <subfield code="f">1871-1958</subfield>
    <subfield code="g">&#x41B;&#x435;&#x43E;</subfield>
    <subfield code="4">250</subfield>
  </datafield>
  <datafield tag="790" ind1=" " ind2="1">
    <subfield code="9">z01700</subfield>
    <subfield code="a">Blech</subfield>
    <subfield code="b">L.</subfield>
    <subfield code="f">1871-1958</subfield>
    <subfield code="g">Leo</subfield>
    <subfield code="4">250</subfield>
  </datafield>
  <datafield tag="801" ind1=" " ind2="0">
    <subfield code="a">RU</subfield>
    <subfield code="b">NLR</subfield>
    <subfield code="c">20171215</subfield>
    <subfield code="g">PSBO</subfield>
  </datafield>
  <datafield tag="801" ind1=" " ind2="1">
    <subfield code="a">RU</subfield>
    <subfield code="b">NLR</subfield>
    <subfield code="c">20171215</subfield>
    <subfield code="2">rusmarc</subfield>
  </datafield>
  <datafield tag="801" ind1=" " ind2="2">
    <subfield code="a">RU</subfield>
    <subfield code="b">NLR</subfield>
    <subfield code="c">20171215</subfield>
  </datafield>
  <datafield tag="852" ind1=" " ind2=" ">
    <subfield code="a">NLR</subfield>
    <subfield code="b">&#x41C;&#x433;</subfield>
    <subfield code="j">3/4050[I/7]</subfield>
    <subfield code="p">22282</subfield>
    <subfield code="t">1</subfield>
  </datafield>
  <datafield tag="852" ind1=" " ind2=" ">
    <subfield code="a">NLR</subfield>
    <subfield code="j">3/4050[I/7]</subfield>
    <subfield code="p">17977</subfield>
    <subfield code="t">2</subfield>
  </datafield>
  <datafield tag="852" ind1=" " ind2=" ">
    <subfield code="a">NLR</subfield>
    <subfield code="j">3/4050[I/7]</subfield>
    <subfield code="p">32010</subfield>
    <subfield code="t">3</subfield>
  </datafield>
  <datafield tag="942" ind1=" " ind2=" ">
    <subfield code="c">REC</subfield>
  </datafield>
  <datafield tag="980" ind1=" " ind2=" ">
    <subfield code="a">NB</subfield>
  </datafield>
  <datafield tag="980" ind1=" " ind2=" ">
    <subfield code="a">ONIZ</subfield>
  </datafield>
  <datafield tag="995" ind1=" " ind2=" ">
    <subfield code="5">2017-12-15</subfield>
    <subfield code="b">NLR01</subfield>
    <subfield code="c">NLR01</subfield>
    <subfield code="e">ONIZ</subfield>
    <subfield code="k">3/4050[I/7] 3/4050[I/7]</subfield>
    <subfield code="o">0</subfield>
    <subfield code="r">REC</subfield>
    <subfield code="s">34050I7_34050I7</subfield>
  </datafield>
  <datafield tag="995" ind1=" " ind2=" ">
    <subfield code="5">2017-12-15</subfield>
    <subfield code="b">NLR01</subfield>
    <subfield code="c">NLR01</subfield>
    <subfield code="e">ONIZ</subfield>
    <subfield code="k">3/4050[I/7] 3/4050[I/7]</subfield>
    <subfield code="o">0</subfield>
    <subfield code="r">REC</subfield>
    <subfield code="s">34050I7_34050I7</subfield>
  </datafield>
  <datafield tag="995" ind1=" " ind2=" ">
    <subfield code="5">2017-12-15</subfield>
    <subfield code="b">NLR01</subfield>
    <subfield code="c">NLR01</subfield>
    <subfield code="e">ONIZ</subfield>
    <subfield code="k">3/4050[I/7] 3/4050[I/7]</subfield>
    <subfield code="o">0</subfield>
    <subfield code="r">REC</subfield>
    <subfield code="s">34050I7_34050I7</subfield>
  </datafield>
</record>
